|
|
|
|
| LEADER |
00000nab a2200000 ar4500 |
| 001 |
vtls008957399 |
| 003 |
SK-MaSNL |
| 005 |
20260303070952.0 |
| 008 |
070321c2006 xo dr|p|||||||000 b|slo |
| 015 |
|
|
|a SNBRB2007/03
|2 snkbucl
|
| 038 |
|
|
|a SNKBUCL
|
| 040 |
|
|
|a SNKBUCL
|b slo
|c SNKBUCL
|e AACR2
|
| 041 |
|
|
|a slo
|
| 044 |
|
|
|a xo
|c SK
|
| 080 |
|
|
|a 94(420)-051"19"
|2 2001
|
| 080 |
|
|
|a 355.40-051
|2 2001
|
| 100 |
1 |
|
|a Shemesh, Jana,
|d 1975-
|4 aut
|9 211783
|
| 245 |
1 |
0 |
|a Mýtus o Lawrencovi z Arábie žije
|c Jana Shemesh
|
| 300 |
|
|
|b Fotogr.
|
| 600 |
1 |
7 |
|a Lawrence, Thomas Edward,
|d 1888-1935
|2 snkbucl
|9 1033888
|
| 630 |
0 |
7 |
|a Sykes-Picotova dohoda, 1916
|2 snkbucl
|9 1069079
|
| 648 |
|
7 |
|a 14.-16.5.1916
|2 snkbucl
|9 1069080
|
| 773 |
0 |
|
|t Sme. Práca
|g Roč. 15, č. 113 (18.5.2006), s. 10
|x 1335-440X
|
| 852 |
|
|
|a SNK
|b KIS3GCP
|
| 958 |
|
|
|a GB
|
| 999 |
|
|
|c 1757750
|d 1759680
|